L'age de la pierre et les métaux / (Record no. 160229)

MARC details
000 -LEADER
campo de control de longitud fija 00683nam a22001935i 4500
001 - NÚMERO DE CONTROL
campo de control 160229
003 - IDENTIFICADOR DE NÚMERO DE CONTROL
campo de control ES-MaACL
005 - FECHA Y HORA DE LA ÚLTIMA TRANSACCIÓN
campo de control 20230906211955.0
008 - DATOS DE LONGITUD FIJA--INFORMACIÓN GENERAL
campo de control de longitud fija 040923s1896 fr a |||| | fre d
100 1# - ENTRADA PRINCIPAL--NOMBRE DE PERSONA
Nombre de persona Morgan, Jacques de.
9 (RLIN) 83521
245 12 - MENCIÓN DEL TÍTULO
Título L'age de la pierre et les métaux /
Mención de responsabilidad, etc. par J. de Morgan.
260 ## - PUBLICACIÓN, DISTRIBUCIÓN, ETC.
Lugar de publicación, distribución, etc. Paris :
Nombre del editor, distribuidor, etc. Ernest Laroux,
Fecha de publicación, distribución, etc. 1896 (
Lugar de fabricación/manufactura Angers :
Fabricante Imp. Orientale de A. Burdin)
300 ## - DESCRIPCIÓN FÍSICA
Extensión 282 p. :
Otras características físicas il. ;
Dimensiones 28 cm.
490 1# - MENCIÓN DE SERIE
Mención de serie Recherches sur les origines de l'Egypte
651 #4 - PUNTO DE ACCESO ADICIONAL DE MATERIA--NOMBRE GEOGRÁFICO
Nombre geográfico Egipto-
Subdivisión cronológica Prehistoria.
9 (RLIN) 137129
830 1# - PUNTO DE ACCESO ADICIONAL DE SERIE-TÍTULO UNIFORME
Título uniforme Recherches sur les origines de l'Egypte
9 (RLIN) 188282
852 ## - LOCALIZACIÓN
Ubicación ES-MaACL
Número de control de estantería F-12915
Nota libre - Enc. pasta española
Holdings
Estatus retirado Estado de pérdida Estado de daño No para préstamo Colección Biblioteca de origen Biblioteca actual Ubicación en estantería Fecha de adquisición Fuente de adquisición Total de préstamos Signatura topográfica completa Código de barras Visto por última vez Precio de reemplazo Tipo de ítem Koha
        Libros del s. XIX Biblioteca del Ateneo de Madrid Biblioteca del Ateneo de Madrid Sala Pecera Planta 2 17/01/2008     F-12915 1167771 23/02/2023 23/02/2023 Libro impreso antiguo